مكتبة جامعة عجلون الوطنية

فهرس بحث المكتبة

Normal view MARC view
  • الاخلاق الادارية

Entry Topical Term

Number of records used in: 1

001 - CONTROL NUMBER

  • control field: 27388

003 - CONTROL NUMBER IDENTIFIER

  • control field: JO-AjAnu

005 - DATE AND TIME OF LATEST TRANSACTION

  • control field: 20230606074643.0

008 - FIXED-LENGTH DATA ELEMENTS

  • fixed length control field: 230606|| aca||aabn | a|a d

040 ## - CATALOGING SOURCE

  • Original cataloging agency: JO-AjAnu
  • Transcribing agency: JO-AjAnu

150 ## - HEADING--TOPICAL TERM

  • Topical term or geographic name entry element: الاخلاق الادارية

670 ## - SOURCE DATA FOUND

  • Source citation: Work cat.: (JO-AjAnu)14065: السكارنة،بلال خلف, author 27387, اخلاقيات العمل